Handbook on tall oil rosin production, processing and utilization / (Record no. 143319)

MARC details
000 -LEADER
fixed length control field 00577nam a22001817a 4500
005 - DATE AND TIME OF LATEST TRANSACTION
control field 20170814110619.0
010 ## - LCCN (DPL NO)
LC control number ENG-119680
020 ## - INTERNATIONAL STANDARD BOOK NUMBER
International Standard Book Number 9788178331515
Terms of availability 1575.00
035 ## - SYSTEM CONTROL NUMBER
System control number EN-103212
037 ## - SOURCE OF ACQUISITION
Source of stock number/acquisition DBAD/PUB
082 ## - DEWEY DECIMAL CLASSIFICATION NUMBER
Classification number 668.372
100 ## - MAIN ENTRY--PERSONAL NAME
Personal name Panda, Himadri
245 ## - TITLE STATEMENT
Title Handbook on tall oil rosin production, processing and utilization /
Statement of responsibility, etc by Himadri Panda
260 ## - PUBLICATION, DISTRIBUTION, ETC. (IMPRINT)
Place of publication, distribution, etc Delhi
Name of publisher, distributor, etc Asia Pacific Business Press Inc.
Date of publication, distribution, etc 2013
270 ## - ADDRESS
Address 106-E, Kamla Nagar,
City Delhi
Postal code 110007
300 ## - PHYSICAL DESCRIPTION
Extent xvi,464p. :
Dimensions 22cm(pbk)
Other physical details ill.
942 ## - ADDED ENTRY ELEMENTS (KOHA)
Source of classification or shelving scheme Dewey Decimal Classification
Item type English Books
Classification part 668.372
Call number suffix PAN
Holdings
Withdrawn status Lost status Not for loan Collection code Home library Current library Date acquired Source of acquisition Cost, normal purchase price Full call number Barcode Copy number Cost, replacement price Koha item type
      Non-fiction D.B.Act.Division Mobile Library 14/08/2017 DBAD/PUB 1575.00 668.372 PAN EN-103212 1 1575.00 English Books

© Delhi Public Library
Hit Counter
free hit counter